=LDR 00000nam 2200000 4500 =001 INLIS000000000058526 =005 20210929100844 =035 ##$$a 0010-0921000330 =007 ta =008 210929###########################0#ind## =020 ##$$a 978-602-350-001-7 =082 ##$$a 899.221 3 =084 ##$$a 899.221 3 Ugi l =245 1#$$a Lukisan tanpa bngkai /$c Ugi Agustono J =250 ##$$a Cet.2 =300 ##$$a 372 halaman : $b Ilustrasi ; $c 21 cm =650 #4$$a fiksi Indonesia =264 ##$$a Bandung :$b Nuansa cendekia,$c 2019 =336 ##$$a teks$2 rdacontent =337 ##$$a lain-lain$2 rdamedia =338 ##$$a lain-lain$2 rdacarrier =990 ##$$a 13111311 =990 ##$$a 13111311